000 00769nam a22002417a 4500
003 OSt
005 20231101162315.0
008 221006b |||||||| |||| 00| 0 eng d
040 _cBiblioteca Lado V
082 _a700
_bF553c
100 _91193
_aFiztGerald, Peter
_eautor
245 _aCIRCA/
_bContemporary Visual Culture in Ireland/
260 _aDublin
_c2002
_bARTHOUSE
300 _a96 p.
_c24.5 x 18.5 cm
366 _efre
366 _eeng
490 _a100
650 _2Tesauro de Arte & Arquitectura
_aARTE
_9703
650 _2Tesauro de Arte & Arquitectura
_aFOTOGRAFÍA
_9702
650 _2Tesauro de Arte & Arquitectura
_aEXHIBICIÓN
_9703
650 _2Tesauro de Arte & Arquitectura
_aCRITICA
942 _2ddc
_c1
_h700
_iF553c
_n0
999 _c4533
_d4533